000 01629nam0a2200301 i 4500
001 RU\NLR\bibl\1992735
005 20240921173353.0
010 _a9785903795376
_9500
021 _aRU
_b2012-103232
_97605
035 _a(NLR Aleph) 001981225
090 _a4093282
_c4093282
100 _a20130128d2012 u y0rusy50 ca
101 0 _arus
102 _aRU
105 _ay |||||||||
200 1 _aУчет на предприятиях малого бизнеса
_eучебное пособие
_e[для преподавателей, студентов и аспирантов]
_fО.В. Шнайдер, Р.Н. Люльков
_gМ-во образования и науки РОс. Федерации, Федер. гос. бюджет. образоват. учреждение высш. проф. образования "Рос. гос. соц. ун-т", Фил. РГСУ в г. Тольятти Самар. обл.
210 _aТольятти
_cФилиал РГСУ
_d2012
215 _a142 с.
_d21
320 _aБиблиогр.: с. 137-141 (68 назв.)
606 1 _aПредпринимательство малое
_jУчебные издания для высших учебных заведений
_xБухгалтерский учет
_yРоссийская Федерация
_92193612
_3RU\NLR\auth\661318505
686 _aУ052.9(2)229я73
700 1 _aШнайдер
_bО. В.
_gОльга Владимировна
_4070
701 1 _aЛюльков
_bР. Н.
_gРашит Наилевич
_4070
801 0 _aRU
_bNLR
_c20130128
_gRCR
801 1 _aRU
_bNLR
_c20130128
942 _cBOOK
980 _aNBR